000 01007nam a22002537a 4500
003 OSt
005 20230314061859.0
008 160427b xxu||||| |||| 00| 0 eng d
010 _a 2001030508
020 _a0071372016 (pbk. : recycled, acidfree paper)
040 _aMMU
_cMMU
_dMMU
_beng
042 _apcc
050 0 0 _aTL586
_b.W65 2001
082 0 0 _a629.132/51/0151
_221
100 1 _aWolper, James S.
245 1 0 _aUnderstanding mathematics for aircraft navigation /
_cJames S. Wolper.
260 _aNew York :
_bMcGraw-Hill,
_cc2001.
300 _axxi, 259 p. :
_bill., maps ;
_c24 cm.
504 _aIncludes bibliographical references (p. 253-256) and index.
650 0 _aNavigation (Aeronautics)
_xMathematics.
906 _a7
_bcbc
_corignew
_d1
_eocip
_f20
_gy-gencatlg
942 _2lcc
_cLOAN LOAN
999 _c17117
_d17117